| 000 | 01084nam a22002411a 4500 | ||
|---|---|---|---|
| 999 |
_c18453 _d18453 |
||
| 001 | 18453 | ||
| 003 | OSt | ||
| 005 | 20260204212406.0 | ||
| 008 | 180116s2017||||dr ||||||b||||||||||spa|| | ||
| 090 | _aCON 2017 M37 | ||
| 100 | 1 |
_aQuezada,Yonelly Mercedes _esustentante |
|
| 245 | 1 | 0 | _aSistema de contabilidad para las empresas de equipos tecnológicos del municipio de Cotuí/Yonelly Mercedes Quezada, Yocandy Aybar Jiménez y Kimairy Abreu Mejía ; asesor Juan Francisco Núñez Núñez |
| 260 |
_aCotuí, República Dominicana : _bUTECO, _c2017 |
||
| 300 |
_a41 hojas : _bIlustraciones ; _c28cm. |
||
| 502 | _aTrabajo de grado (Licenciatura en Contabilidad) --Universidad Tecnológica del Cibao Oriental, 2017 | ||
| 504 | _aIncluye referencia bibliográfica e índice | ||
| 650 | 4 | _aSistema de contabilidad | |
| 700 | 1 |
_aAybar Jiménez, Yocandy _esustentante |
|
| 700 | 1 |
_aAbreu Mejía, Kimairy _esustentante |
|
| 700 | 1 |
_aNúñez, Juan Francisco _easesor |
|
| 830 | _aTesis y disertaciones académicas (Universidad Tecnológica del Cibao Oriental) | ||
| 942 |
_2LC _cTH |
||